00762nab a2200205 uc450000100070000000500170000700800410002403500110006503500210007604000130009704100080011010000520011824501270017065000330029765000320033070000550036277301100041794200100052799900190053740354220240201131207.0990515e19950401 spa  a403542 a(OCoLC)819781558 ccomduadb aspa10aGutierrez Botero, Jose Manuel4auteaut929348010aAnalisis de sistemas de participacion y motivacion de empleados en las empresas del area metropolitana del valle de aburra aAnálisis de sistemas92211 aMotivación laboral95750710aNavarro Restrepo, Maria Adelaida4auteaut94957650 tRevista Universidad Eafit (Medellín)gNúmero 098, Abril-Junio 1995, p. 69-75w106802z0120341X092266 cARIMP c115548d115548